000 00530nam a2200157Ia 4500
003 GCL
008 140319s9999 xx 000 0 ara d
040 _aGCL /
_cGCL
082 0 4 _a922.1
_bع ج
100 1 _aعبدالعال سالم مكرم
245 1 0 _aجلال الدين السيوطى واثره فى الدراسات اللغوية /
_cعبدالعال سالم مكرم
490 _aكتاب
_v0
650 0 4 _aجلال الدين السيوطى
650 0 4 _aاللغة العربية - دراسات
942 _2ddc
_cBK
999 _c42074
_d42074